000 00512nam a2200169Ia 4500
008 210716s2003 xx 000 0 und d
020 _a8129701051
041 _aeng
082 _a004.62 COMD
100 _aComer Douglas E; Stevens, David L.
245 _aInternetworking with tcp/ip: design implementation and internals.
_bDesign implementation and internals.
250 _a3
260 _aNew Delhi
_bPearson Education
_c2003
300 _axxi,660
440 _v2
650 _aInternet,Working With TCP/IP
999 _c186049
_d186049